000 00607nas a2200217 4500
001 BR9509851
003 BR-BrBNA
005 20231205094553.0
007 ta
008 230509b bl.|||p| |||| 00| 00por d
040 _aBR-BrBNA
_bpor
_cBiblioteca Nacional de Agricultura
041 _a(Pt)
072 _aE16
100 1 _aRego, P.G.
245 1 _aSugestoes para uma agricultura eficiente
650 _aProdutividade
650 _aCusto de Producao
773 0 _tRevista Batavo (Brazil)
_x
_g(Aug 1995), v. 4(46) p. 3-6
_wBR9509851
909 _a202311
_bLúcia
_c55
_dLúcia Elande
942 _2AGRIS
_n0
_cANA
999 _c145351
_d145351